000
00331nam a22001337a 4500
008
170920b xxu||||| |||| 00| 0 eng d
020
_a
9781858944098
041
_a
eng
080
_a
7
100
_a
45
101
_a
ART
245
_a
THE SPEED ART MUSEUM HIGLIGHTS FROM THE COLLECTION
_c
MERREL
942
_2
udc
_c
BK
999
_c
28462
_d
28462